Online Catalogue and eLibrary

Pay or Purdah: (Record no. 1207)

MARC details
000 -LEADER
fixed length control field 00551nam a2200205Ia 4500
005 - DATE AND TIME OF LATEST TRANSACTION
control field 20250324050349.0
008 - FIXED-LENGTH DATA ELEMENTS--GENERAL INFORMATION
fixed length control field 240331s9999 xx 000 0 und d
020 ## - INTERNATIONAL STANDARD BOOK NUMBER
ISBN 0908665180
082 ## - DDC Classification
Class No. 303.4
Item Number - Author Mark BEG
DDC Edition Number 156
100 ## - MAIN ENTRY--PERSONAL NAME
Personal name Begum, N. N
245 #0 - TITLE STATEMENT
Title Pay or Purdah:
Remainder of title Women and Income Earning in Rural Bangladesh
260 ## - PUBLICATION, DISTRIBUTION, ETC.
Place of publication, distribution, etc. Palmerston North;
Name of publisher, distributor, etc. Studies in Development and Social Change
Date of publication, distribution, etc. 1987
300 ## - PHYSICAL DESCRIPTION
Extent (e.g. Volumes, Pages etc.) xvi, 172 p.,
650 ## - SUBJECT ADDED ENTRY--TOPICAL TERM
Topical term or geographic name entry element Women
650 ## - SUBJECT ADDED ENTRY--TOPICAL TERM
Topical term or geographic name entry element Society
650 ## - SUBJECT ADDED ENTRY--TOPICAL TERM
Topical term or geographic name entry element Employment
650 ## - SUBJECT ADDED ENTRY--TOPICAL TERM
Topical term or geographic name entry element Poverty
650 ## - SUBJECT ADDED ENTRY--TOPICAL TERM
Topical term or geographic name entry element Education
942 ## - Koha item type (Biblio)
Koha item type Books in Stacks (Lending)
Holdings
Lost status Damaged status Collection code Home library Current library Shelving location Date acquired Full call number Accession Number Item type
    Lending WERC Library WERC Library Social Science Cupboard 03/31/2024 303.4 BEG 156 Books in Stacks (Lending)

© WERC Library